MARC details
| 000 -LEADER |
| fixed length control field |
02570cam a22003977a 4500 |
| 001 - CONTROL NUMBER |
| control field |
13523471 |
| 003 - CONTROL NUMBER IDENTIFIER |
| control field |
OSt |
| 005 - DATE AND TIME OF LATEST TRANSACTION |
| control field |
20160722173536.0 |
| 008 - FIXED-LENGTH DATA ELEMENTS--GENERAL INFORMATION |
| fixed length control field |
040315s2003 gw ac 001 0 eng d |
| 010 ## - LIBRARY OF CONGRESS CONTROL NUMBER |
| LC control number |
2004297417 |
| 015 ## - NATIONAL BIBLIOGRAPHY NUMBER |
| National bibliography number |
GB A3-69328 |
| 020 ## - INTERNATIONAL STANDARD BOOK NUMBER |
| International Standard Book Number |
3928865226 |
| 035 ## - SYSTEM CONTROL NUMBER |
| System control number |
(OCoLC)ocm53895177 |
| 040 ## - CATALOGING SOURCE |
| Original cataloging agency |
EQO |
| Transcribing agency |
EQO |
| Modifying agency |
DLC |
| 042 ## - AUTHENTICATION CODE |
| Authentication code |
lccopycat |
| 082 ## - DEWEY DECIMAL CLASSIFICATION NUMBER |
| Classification number |
QY 25 |
| Item number |
S47w 1996 |
| 100 ## - MAIN ENTRY--PERSONAL NAME |
| Personal name |
Guder, Walter G. |
| 9 (RLIN) |
10402 |
| 245 00 - TITLE STATEMENT |
| Title |
Samples : |
| Remainder of title |
from the patient to the laboratory : the impact of preanalytical variables on the quality of laboratory results / |
| Statement of responsibility, etc. |
W.G. Guder ... [et al.]. |
| 260 ## - PUBLICATION, DISTRIBUTION, ETC. (IMPRINT) |
| Place of publication, distribution, etc. |
Weinheim ; |
| -- |
[New York] : |
| Name of publisher, distributor, etc. |
Wiley-VCH, |
| Date of publication, distribution, etc. |
1996 |
| 300 ## - PHYSICAL DESCRIPTION |
| Extent |
ix, 106 p. : |
| Other physical details |
col. ill., col. ports. ; |
| Dimensions |
25 cm. |
| Accompanying material |
1 CD-ROM (4 3/4 in.) |
| 500 ## - GENERAL NOTE |
| General note |
One CD-ROM in pocket attached to inside back cover entitled The quality of diagnostic samples. |
| 500 ## - GENERAL NOTE |
| General note |
Previous ed.: Darmstadt : GIT VERLAG, 2001. |
| 504 ## - BIBLIOGRAPHY, ETC. NOTE |
| Bibliography, etc |
Includes bibliographical references and index. |
| 520 ## - SUMMARY, ETC. |
| Summary, etc. |
CD-ROM contains WHO regulations and recommendations. Compilation of findings from the literature and those obtained in practice on the use of anti coagulants and provides a list of analytes containing the available data on reference intervals, biological hal-life times, stability and influence and interference factors. |
| 538 ## - SYSTEM DETAILS NOTE |
| System details note |
System requirements for accompanying CD-ROM: Microsoft Windows (Windows 95/98/ME/2000); at least 8 MB RAM (16 MB or more is recommended); 5 MB of free hard disk space; VGA card with feature connector and high resolution color monitor set up for video resolution 800 x 600, 32768 colors; Microsoft or IBM PS/2 mouse. Screen Display Settings:This Atlas requires a display of at least 256 colors (recommended 32768 colors). You may need to adjust your display settings to achieve the best results when viewing photos on this Atlas. |
| 650 #0 - SUBJECT ADDED ENTRY--TOPICAL TERM |
| Topical term or geographic name as entry element |
Diagnosis, Laboratory |
| Form subdivision |
Handbooks, manuals. etc. |
| 9 (RLIN) |
886 |
| 650 #0 - SUBJECT ADDED ENTRY--TOPICAL TERM |
| Topical term or geographic name as entry element |
Diagnosis, Laboratory |
| General subdivision |
Methodology. |
| 9 (RLIN) |
10403 |
| 650 #0 - SUBJECT ADDED ENTRY--TOPICAL TERM |
| Topical term or geographic name as entry element |
Nursing |
| Form subdivision |
Handbooks, manuals. etc. |
| 9 (RLIN) |
3967 |
| 740 0# - ADDED ENTRY--UNCONTROLLED RELATED/ANALYTICAL TITLE |
| Uncontrolled related/analytical title |
Quality of diagnostic samples. |
| 856 42 - ELECTRONIC LOCATION AND ACCESS |
| Materials specified |
Contributor biographical information |
| Uniform Resource Identifier |
http://www.loc.gov/catdir/bios/wiley047/2004297417.html |
| 856 42 - ELECTRONIC LOCATION AND ACCESS |
| Materials specified |
Publisher description |
| Uniform Resource Identifier |
http://www.loc.gov/catdir/description/wiley041/2004297417.html |
| 856 41 - ELECTRONIC LOCATION AND ACCESS |
| Materials specified |
Table of contents |
| Uniform Resource Identifier |
http://www.loc.gov/catdir/toc/wiley041/2004297417.html |
| 906 ## - LOCAL DATA ELEMENT F, LDF (RLIN) |
| a |
7 |
| b |
cbc |
| c |
copycat |
| d |
2 |
| e |
ncip |
| f |
20 |
| g |
y-gencatlg |
| 942 ## - ADDED ENTRY ELEMENTS (KOHA) |
| Source of classification or shelving scheme |
Other/Generic Classification Scheme |
| Koha item type |
Open Shelf |